Super Smash Bros. Fighters #24 - The Mewtwo Quiz - Statistics

General Stats
  • This quiz has been taken 242 times
  • The average score is 9 of 13
Answer Stats
Hint Answer % Correct
What Pokémon type is Mewtwo? Psychic
98%
Mewtwo is closely related to which mythical Pokémon? Mew
97%
Mewtwo is a genetically-mutated organism created by what organization? Team {Rocket}
91%
Mewtwo has two mega evolutions. What other Pokémon has two mega evolutions? Charizard
86%
When Mewtwo mega-evolves, what additional type do they receive? Fighting
85%
What number is Mewtwo in the Pokédex? 150
84%
Mewtwo's name takes inspiration from the Japanese onomatopoeia for the noise of what animal? Cat
71%
What alternate Mewtwo form is a playable character in Pokkén? {Shadow} Mewtwo
69%
What Pokémon movie has Mewtwo in the title? Mewtwo Strikes Back
60%
Where can you find Mewtwo in the Kanto region? Cerulean Cave
56%
What is Mewtwo’s signature move (and final smash)? Psystrike
50%
What category of Pokémon is Mewtwo? The {Genetic} Pokémon
43%
Where can you find Mewtwo in the Kalos region? Unknown Dungeon
16%
No matching quizzes found
Score Distribution
Percent of People with Each Score
Percentile by Number Answered
Your Score History
You have not taken this quiz